Marketing plans : (Record no. 5706)
[ view plain ]
| 000 -LEADER | |
|---|---|
| fixed length control field | 00662cam a22002172 4500 |
| 001 - CONTROL NUMBER | |
| control field | 0000002211 |
| 005 - DATE AND TIME OF LATEST TRANSACTION | |
| control field | 20151217151844.0 |
| 008 - FIXED-LENGTH DATA ELEMENTS--GENERAL INFORMATION | |
| fixed length control field | 070404s xx 000 0 eng d |
| 040 ## - CATALOGING SOURCE | |
| Original cataloging agency | KABU |
| Transcribing agency | KABU |
| 050 #0 - LIBRARY OF CONGRESS CALL NUMBER | |
| Classification number | HF5415.13 |
| Item number | .M33 1989 |
| 100 1# - MAIN ENTRY--PERSONAL NAME | |
| Personal name | McDonald, Malcolm H. B. |
| -- | 0000151481 |
| 245 10 - TITLE STATEMENT | |
| Title | Marketing plans : |
| Remainder of title | how to prepare them : how to use them. |
| 250 ## - EDITION STATEMENT | |
| Edition statement | 2nd ed. |
| 260 ## - PUBLICATION, DISTRIBUTION, ETC. (IMPRINT) | |
| Place of publication, distribution, etc. | Oxford : |
| Name of publisher, distributor, etc. | Heinemann Professional, |
| Date of publication, distribution, etc. | 1989. |
| 300 ## - PHYSICAL DESCRIPTION | |
| Extent | ix, 337 p. |
| 650 #0 - SUBJECT ADDED ENTRY--TOPICAL TERM | |
| Topical term or geographic name as entry element | Marketing |
| General subdivision | Management. |
| -- | 0000150912 |
| 650 #0 - SUBJECT ADDED ENTRY--TOPICAL TERM | |
| Topical term or geographic name as entry element | Marketing |
| General subdivision | Planning. |
| -- | 0000151445 |
| 908 ## - PUT COMMAND PARAMETER (RLIN) | |
| Put command parameter | 070404 |
| 950 ## - LOCAL HOLDINGS (RLIN) | |
| -- | 1 |
| Withdrawn status | Lost status | Source of classification or shelving scheme | Not for loan | Home library | Current library | Date acquired | Total Checkouts | Full call number | Barcode | Date last seen | Price effective from | Koha item type |
|---|---|---|---|---|---|---|---|---|---|---|---|---|
| Library of Congress Classification | Kabarak, Main Campus | Kabarak, Main Campus | 17/12/2015 | HF5415.13 .M33 1989 | 010249 | 17/12/2015 | 17/12/2015 | General Collection |